Szczegóły MARC21

Wprowadzenie do gramatyki generatywnej /

003 -Nazwa inst., której nr kontr. jest w polu 001 [,]
    • @
    • Nazwa instytucji, której n kontrolny jest w polu 001
    • NUKAT
005 -DATA I CZAS OSTATNIEJ MODYFIKACJI [,]
    • @
    • pole kontrolne
    • 20260403171433.0
020 -Międzynarod. znormalizowany nr książki - ISBN [ , ]
    • a
    • Numer ISBN
    • 8304009579 Find
040 -Instytucja sporządzająca opis [ , ]
    • a
    • Instytucja, która sporządziła opis (NP)
    • KR 295/SP
    • c
    • Instytucja, która sporządziła rekord (NP)
    • KR 295/SP
    • d
    • Instytucja, która zmodyfikowała rekord (P)
    • KR 295/SP
    • d
    • Instytucja, która zmodyfikowała rekord (P)
    • KAT U/43IP
041 -Język dokumentu [1, ]
    • a
    • Język tekstu (P)
    • polski
    • h
    • Język tekstu oryginalnego i/lub pośredniego (P)
    • francuski
942 -Rodzaj dokumentu [ , ]
    • c
    • Rodzaj dokumentu
    • Książka
100 -Hasło główne - nazwa osobowa [1, ]
    • a
    • Nazwa osobowa (NP)
    • Ruwet, Nicolas
    • d
    • Daty biograficzne (NP)
    • (1933-2001).
    • 9
    • KHW
    • 17929
240 -Tytuł ujednolicony [1,0]
    • a
    • Tytuł ujednolicony
    • Introduction à la grammaire générative
    • l
    • Język tekstu
    • (pol.)
    • 9
    • KHW
    • 512469
245 -Strefa tytułu i oznaczenia odpowiedzialności [1,0]
    • a
    • Tytuł
    • Wprowadzenie do gramatyki generatywnej / Find
    • c
    • Pozostałe elementy strefy tytułu i oznaczenia odpowiedzialności (NP)
    • Nicolas Ruwet ; przeł. z j. fr. Maria Wróblewska-Wiater.
260 -Strefa adresu wydawniczego [ , ]
    • a
    • Miejsce wydania (P)
    • Wrocław :
    • b
    • Nazwa wydawcy (P)
    • Zakład Narodowy im. Ossolińskich - Wydawnictwo,
    • c
    • Data wydania (P)
    • 1982.
300 -Strefa opisu fizycznego [ , ]
    • a
    • Określenie formy książki i/lub objętość (NP)
    • 379, [1] s. :
    • b
    • Oznaczenie ilustracji (NP)
    • il.. ;
    • c
    • Format (NP)
    • 21 cm.
336 -Typ zawartości [ , ]
    • a
    • Termin opisujący typ zawartości
    • Tekst
    • b
    • Kod określający zawartość
    • txt
    • 2
    • Źródło (terminu i kodu)
    • rdacontent
337 -Typ mediów [ , ]
    • a
    • Tryb odtwarzania
    • Bez urządzenia pośredniczącego
    • b
    • Kod typu mediów
    • n
    • 2
    • Źródło (terminu i kodu)
    • rdamedia
338 -Typ/rodzaj nośnika [ , ]
    • a
    • Hasło opisujące typ nośnika
    • Wolumin
    • b
    • Kod typu nośnika
    • nc
    • 2
    • Źródło (terminu i kodu)
    • rdacarrier
380 -Deskryptor - Forma dzieła (P) [ , ]
    • a
    • forma dzieła (NP)
    • Książki
504 -Uwaga dot. bibliogr. załącznikowej [ , ]
    • a
    • Uwaga dot. bibliografii załącznikowej
    • Bibliogr. s. 357-374. Indeks.
080 -Uniwersalna Klasyfikacja Dziesiętna [ , ]
    • 2
    • Identyfikator wydania tablic
    • UDC-P058
    • 9
    • UKD
    • 6409
    • a
    • Symbol klasyfikacji
    • 81'36
    • b
    • Dopowiedzenie
    • Gramatyka. Gramatyka generatywna.
650 -Hasło przedmiotowe [ ,7]
    • a
    • Hasło przedmiotowe
    • Gramatyka transformacyjno-generatywna
    • 2
    • Źródło terminu
    • DBN
    • 9
    • KHW
    • 745673
650 -Hasło przedmiotowe [ ,7]
    • a
    • Hasło przedmiotowe
    • Gramatyka generatywna.
    • 2
    • Źródło terminu
    • kaba
    • 9
    • KHW
    • 110336
980 -Symbol UKD [ , ]
    • a
    • UKD
    • 81'36
700 -Hasło dodatkowe - nazwa osobowa [1, ]
    • a
    • Nazwa osobowa (NP)
    • Wróblewska-Wiater, Maria Find
    • d
    • Daty biograficzne (NP)
    • (1948-1981).
    • e
    • Określenie rodzaju współpracy
    • Tł.
    • 9
    • KHW
    • 512467
710 -Hasło dodatkowe - nazwa ciała zbiorowego [2, ]
    • a
    • Nazwa ciała zbiorowego lub nazwa geograficzna jako pierwszy element (NP)
    • Zakład Narodowy im. Ossolińskich.
    • b
    • Nazwa jednostki podrzędnej (P)
    • Wydawnictwo.
    • 4
    • Kod relacji
    • pbl
    • 9
    • KHW
    • 54188
920 -ISBN [ , ]
    • a
    • ISBN
    • 83-04-00957-9 Find
Sygnatura Status udost. Uwagi nie widoczne w OPAC Lokalizacja Data inwentaryzacji Numer inwentarzowy
 1przepisnyBG Z.49019
 1przepisnyBG Z.49573
W.104954-3przepisnyBG W.104955
 -3przepisnyBG W.104954
POL. Językoznawstwo 141 BM2020-01-28Q.4387
 -3 BM2022-06-14BJM.1376
 1 BNS2007-12-12H.17185